| 000 | 00456nam a2200133Ia 4500 | ||
|---|---|---|---|
| 008 | 191014s9999 xx 000 0 und d | ||
| 020 | _a981-02-3631-X | ||
| 082 |
_a537.24 _bYON |
||
| 100 |
_aFumiko Yonezawa, Kazuhiko Tsuji, Keisuke Kaji, Masao Doi, Takeo Fujiwara _920594 |
||
| 245 | 0 | _aProceedings of the International Symposium The Physics of Complex Liquids | |
| 260 |
_aSingapore _bWorld Scientific Company _c1998 |
||
| 300 | _aVi,338 | ||
| 942 | _cBK | ||
| 999 |
_c531189 _d531189 |
||